[Event "Orange op"]
[Site "Orange"]
[Date "1990.??.??"]
[Round "3"]
[White "Roos, Celine"]
[Black "Zolnierowicz, Krzysztof"]
[Result "1/2-1/2"]
[WhiteElo "2150"]
[BlackElo "2400"]

1.c4 e6 2.Nf3 d5 3.g3 Nf6 4.Bg2 c5 5.cxd5 exd5 6.O-O Be7 7.d4 O-O 8.dxc5 Bxc5
9.Nc3 Nc6 10.Bg5 d4 11.Ne4 Be7 12.Nxf6+ Bxf6 13.Bxf6 Qxf6 14.Qb3 Re8 15.Rfe1 Re7
16.Rad1 Bg4 17.Rd2 Rae8 18.h3 Be6 19.Qd1 Rd7 20.b3 Red8 21.Qc1 h6 22.Red1 Bd5
23.Ne1 Bxg2 24.Kxg2 Rd5 25.Nf3  1/2-1/2

[Event "RLPF-chA"]
[Site "Polch"]
[Date "1990.??.??"]
[Round "?"]
[White "Mattern, Markus"]
[Black "Denda, Ronald"]
[Result "1/2-1/2"]
[WhiteElo "1860"]
[BlackElo "2030"]

1.c4 e6 2.Nf3 d5 3.d4 Nf6 4.Nc3 c6 5.Bg5 Nbd7 6.e3 Bb4 7.cxd5 exd5 8.Bd3 h6
9.Bh4 Qc7 10.Rc1 a6 11.O-O O-O 12.a3 Bd6 13.b4 g5 14.Bg3 Bxg3 15.hxg3 Qd6
16.Nh2 Nb6 17.Qe2 Qe6 18.Rfe1 Ng4 19.Nxg4 Qxg4 20.Qxg4 Bxg4 21.f3 Be6 22.a4 f5
23.a5 Nd7 24.Na4 Rae8 25.Kf2 Kg7 26.Nc5 Nxc5 27.bxc5 Bc8 28.f4 Re6 29.Rh1 Rg6
30.Rh2 g4 31.Rch1 Rgf6 32.Rh5 Re8 33.Bc2 Re7 34.R5h4 Bd7 35.Rh5 Re8 36.Bd3 Ref8
37.R5h4 Rh8 38.Rh5 Re8 39.R5h4 Ref8 40.Bc2 Re8  1/2-1/2

[Event "Porz op24"]
[Site "Porz"]
[Date "1990.??.??"]
[Round "6"]
[White "Schneider, B."]
[Black "Bany, Jerzy"]
[Result "1-0"]
[WhiteElo "2460"]
[BlackElo "2450"]

1.c4 e6 2.Nf3 d5 3.d4 Nf6 4.Nc3 Be7 5.Bg5 h6 6.Bh4 O-O 7.e3 b6 8.Rc1 Bb7
9.Bxf6 Bxf6 10.cxd5 exd5 11.Qb3 Re8 12.Be2 c6 13.O-O Nd7 14.Rfe1 Be7 15.e4 dxe4
16.Nxe4 Nf6 17.Ne5 Nd5 18.Qf3 Rf8 19.Nxc6 Bxc6 20.Rxc6 Nb4 21.Rc4 b5 22.Rcc1 Nxa2
23.Rcd1 Qb6 24.d5 Bb4 25.Rf1 Rae8 26.Ra1 Qd4 27.Bd3 f5 28.Ng3 Qxb2 29.Nxf5 Nc3
30.Rxa7 Ne2+ 31.Bxe2 Qxe2 32.Nxh6+ Kh7 33.Qxe2 Rxe2 34.Ng4 Rd2 35.Rb7 Rf4
36.h3 Rxd5 37.g3 Rf3 38.Kg2 Rf8 39.Rb1 Bc3 40.R7xb5 Rd2 41.R5b3 Bd4 42.Rf3 Re8
43.Rb7 Ba1 44.Nf6+ Bxf6 45.Rxf6  1-0

[Event "Bohemians"]
[Site "Prague"]
[Date "1990.??.??"]
[Round "?"]
[White "Schmidt, Wlodzimierz"]
[Black "Keitlinghaus, Ludger"]
[Result "1/2-1/2"]
[WhiteElo "2465"]
[BlackElo "2415"]

1.Nf3 e6 2.c4 d5 3.d4 c6 4.Nc3 Nf6 5.Bg5 h6 6.Bxf6 Qxf6 7.e3 Nd7 8.Bd3 Qd8
9.O-O Be7 10.e4 dxc4 11.Bxc4 O-O 12.Qe2 b6 13.Rfd1 Bb7 14.Rac1 Re8 15.a3 a6
16.Ba2 Qb8 17.Bb1 Qa7 18.Qc2 Rad8 19.d5 Nf8 20.dxe6 fxe6  1/2-1/2

[Event "Bohemians-B"]
[Site "Prague"]
[Date "1990.??.??"]
[Round "?"]
[White "Znamenacek, Kvetoslav"]
[Black "Zolnierowicz, Krzysztof"]
[Result "1/2-1/2"]
[WhiteElo "2340"]
[BlackElo "2400"]

1.c4 e6 2.Nf3 d5 3.d4 c5 4.cxd5 exd5 5.g3 Nf6 6.Bg2 Be7 7.O-O O-O 8.b3 Nc6
9.Bb2 Re8 10.Nc3 Bg4 11.dxc5 Bxc5 12.h3 Bh5 13.g4 Bg6 14.Rc1 Bf8 15.e3 Ne4  1/2-1/2

[Event "Pula op"]
[Site "Pula"]
[Date "1990.??.??"]
[Round "6"]
[White "Sher, Miron N"]
[Black "Ivanovic, Bozidar"]
[Result "1/2-1/2"]
[WhiteElo "2500"]
[BlackElo "2520"]

1.c4 e6 2.Nf3 d5 3.g3 Nf6 4.Bg2 c5 5.cxd5 exd5 6.d4 Nc6 7.O-O Be7 8.Nc3 O-O
9.Be3 cxd4 10.Nxd4 Be6 11.Rc1 Qd7 12.Nxc6 bxc6 13.Na4 Bh3 14.Bc5 Bxg2 15.Kxg2 Rfe8
16.Bxe7 Rxe7 17.e3 Ne4 18.Nc5 Nxc5 19.Rxc5 Re6 20.Qa4 Rb8 21.b3 h5 22.Rd1 h4
23.Qg4 Qe7 24.Rdc1 hxg3  1/2-1/2

[Event "Rome op"]
[Site "Rome"]
[Date "1990.??.??"]
[Round "7"]
[White "Contin, Daniel"]
[Black "Flear, Glenn C"]
[Result "1-0"]
[WhiteElo "2380"]
[BlackElo "2470"]

1.c4 e6 2.Nf3 d5 3.b3 Nf6 4.g3 Be7 5.Bg2 O-O 6.O-O c5 7.e3 Nc6 8.Qe2 e5 9.cxd5 Nxd5
10.d3 Be6 11.Bb2 Qc7 12.Nbd2 Rad8 13.Rfd1 Rd7 14.Ne4 h6 15.Rac1 b6 16.d4 f5
17.Bh3 g5 18.dxc5 g4 19.cxb6 Qxb6 20.Rxc6 Qxc6 21.Nxe5 Nf4 22.gxf4 Rxd1+
23.Qxd1 Qxe4 24.Bg2 Qb4 25.Nc6 Qb7 26.Qd4 Bf6 27.Qc5 Qd7 28.Bxf6 Rxf6 29.Nd4 Bf7
30.Bc6 Qc7 31.b4 Kh7 32.a3 Kg6 33.Kg2 Qb8 34.Kg3 h5 35.h4 gxh3 36.Bd7 Qb7
37.Bxf5+ Kg7 38.f3 Qa6 39.Nb5 h4+ 40.Kh2 Qb7 41.Be4 Qb6 42.Nxa7 Qd8 43.Qg5+ Kf8
44.Kxh3 Qd7+ 45.Kxh4 Rd6  1-0

[Event "Sevilla op"]
[Site "Sevilla"]
[Date "1990.??.??"]
[Round "?"]
[White "Franco Ocampo, Zenon"]
[Black "Antunes, Antonio"]
[Result "1-0"]
[WhiteElo "2475"]
[BlackElo "2445"]

1.c4 e6 2.Nf3 d5 3.e3 Nf6 4.d4 c5 5.cxd5 Nxd5 6.Nc3 Nc6 7.Bc4 cxd4 8.exd4 Be7
9.O-O O-O 10.Re1 Nxc3 11.bxc3 b6 12.Bd3 Bb7 13.h4 Rc8 14.Ng5 h6 15.Qh5 Qe8
16.Re3 Nd8 17.c4 Ba6 18.Bb2 Bxc4 19.Bh7+ Kh8 20.d5 f6 21.Bg6 Qb5 22.Rb1 Qd7
23.dxe6 Qa4 24.Bf5 Qe8 25.Nf7+ Nxf7 26.exf7 Bxf7 27.Qe2 Bc4 28.Qe1 Rc7 29.Ba3 Qh5
30.Rxe7 Rxe7 31.Qxe7 Rg8 32.Qe4 Bxa2 33.Rc1 b5 34.Bg6 Qd5 35.Qxd5 Bxd5 36.Bb4 a6
37.Rc7 Ra8 38.f3 h5 39.Kf2 a5 40.Bxa5 Rxa5 41.Rc8+ Bg8 42.Bf7 Kh7 43.Bxg8+ Kg6
44.Rb8 Kf5 45.Bf7 g5 46.hxg5 Kxg5 47.Be8 Kh4 48.Bxb5 f5 49.g3+ Kh3 50.Rh8  1-0

[Event "Stara Zagora zt-A"]
[Site "Stara Zagora"]
[Date "1990.??.??"]
[Round "8"]
[White "Ninov, Kiril"]
[Black "Lechtynsky, Jiri"]
[Result "0-1"]
[WhiteElo "2465"]
[BlackElo "2430"]

1.c4 e6 2.Nf3 d5 3.g3 Nf6 4.Bg2 Be7 5.O-O O-O 6.d4 dxc4 7.Qc2 a6 8.Qxc4 b5
9.Qc2 Bb7 10.Bf4 Nc6 11.Nc3 Nxd4 12.Nxd4 Bxg2 13.Rfd1 Bb7 14.Nxe6 Qe8 15.Nxf8 Qc6
16.f3 b4 17.Rac1 bxc3 18.Qxc3 Qxc3 19.Rxc3 Kxf8 20.Rxc7 Bd5 21.b3 a5 22.e4 Be6
23.Rb7 a4 24.Bd6 Bxd6 25.Rxd6 axb3 26.axb3 g5 27.Rd2 Ra3 28.Rb2 g4 29.Kf2 Ra5
30.Rb4 Rh5 31.Ke3 gxf3 32.Kxf3 Ng4 33.h4 Rc5 34.Rb6 Ne5+ 35.Kg2 Rc3 36.b4 Nc4
37.Rb8+ Kg7 38.Rf2 Ne3+ 39.Kh2 Ng4+ 40.Kg2 Nxf2 41.Kxf2 Kf6 42.b5 Ke5 43.b6  0-1

[Event "Tatran Cup"]
[Site "Stary Smokovec"]
[Date "1990.??.??"]
[Round "3"]
[White "Cvetkovic, Srdjan"]
[Black "Smagin, Sergey"]
[Result "1/2-1/2"]
[WhiteElo "2430"]
[BlackElo "2550"]

1.c4 e6 2.Nf3 d5 3.g3 dxc4 4.Qa4+ Nd7 5.Bg2 a6 6.Qxc4 b5 7.Qc6 Rb8 8.Qc2 Bb7
9.O-O Ngf6 10.d3 c5 11.a4 Bd6 12.axb5 axb5 13.Nc3 Qb6 14.Ng5 Bxg2 15.Kxg2 O-O
16.Nge4 c4 17.dxc4 bxc4 18.Nxd6 Qxd6 19.Kg1 e5 20.Rd1 Qe6 21.Ne4 Nxe4 22.Qxe4 Nc5
23.Qc2 Nb3 24.Ra4 Nd4 25.Qxc4 Qg4 26.f3 Nxe2+ 27.Kf2 Qxc4 28.Rxc4 Nxc1 29.Rdxc1 Rxb2+
30.R1c2 Rfb8 31.g4 h5 32.gxh5 Kh7 33.Rxb2 Rxb2+ 34.Kg3 Kh6 35.f4 Rb5 36.fxe5 Rxe5
37.Rc7 Rg5+ 38.Kf3 f6 39.Rc8 Rxh5 40.Kg3 g5 41.h3 Kg6 42.Rg8+ Kf5 43.Ra8 Rh4
44.Ra5+ Kg6 45.Ra8 Rb4 46.Kf3 Rb3+ 47.Kg2 Re3 48.Rb8 f5 49.Rg8+ Kf6 50.Ra8 f4
51.Ra6+ Kf5 52.Ra5+ Re5 53.Ra2 Kg6 54.Ra8 Re6 55.Kf3 Re3+ 56.Kg2 Rb3 57.Rc8 Rg3+
58.Kh2 Re3 59.Kg2 Kf5 60.Rc5+ Re5 61.Rc2 Rd5 62.Ra2 Rd8 63.Ra5+ Kf6 64.Ra7 Rd2+
65.Kg1 Re2 66.Ra8 Kf5 67.Ra5+ Re5 68.Ra2 Rc5 69.Kg2 Ke4 70.Ra4+ Ke5 71.Ra2 Rd5
72.Re2+ Kd4 73.Kf3 Kc3 74.Ra2 Rd3+ 75.Kg2 Kd4 76.Ra5 Ke3 77.Re5+ Kd2 78.Kf2 Rg3
79.Rd5+ Kc3 80.Ra5 Kd4 81.Rb5 Ke4 82.Ra5 Rxh3 83.Rxg5 Rh2+ 84.Kg1 Re2 85.Rg8 Kf3
86.Rf8 Re1+ 87.Kh2 Rf1 88.Ra8 Rd1 89.Rf8 Rd5 90.Kg1 Rg5+ 91.Kf1 Kg3 92.Kg1 Rg7
93.Rf6 Rc7 94.Rg6+ Kf3 95.Rf6  1/2-1/2

[Event "JUG-Cup"]
[Site "Svetozarevo"]
[Date "1990.??.??"]
[Round "?"]
[White "Krnic, Zdenko"]
[Black "Trifunovic, Miroljub"]
[Result "1-0"]
[WhiteElo "2450"]
[BlackElo "2345"]

1.c4 e6 2.Nf3 d5 3.b3 Nf6 4.d3 Be7 5.Nbd2 Nc6 6.g3 e5 7.cxd5 Qxd5 8.Bg2 e4
9.dxe4 Nxe4 10.Nxe4 Qxe4 11.O-O Bf6 12.Ba3 Bd7 13.Rc1 O-O-O 14.Rc4 Qe8 15.Qc2 Be6
16.Ra4 Qd7 17.Bb2 Bxb2 18.Qxb2 f6 19.b4 a6 20.b5 axb5 21.Qxb5 Nb8 22.Qb4 b6
23.Nd4 Bd5 24.Bxd5 Qxd5 25.Rc1 Rd6 26.e4 Qe5 27.f4 Rxd4 28.Qxb6 Rd1+ 29.Rxd1 cxb6
30.fxe5 fxe5 31.Ra7  1-0

[Event "Ter Apel"]
[Site "Ter Apel"]
[Date "1990.??.??"]
[Round "5"]
[White "Pfleger, Helmut"]
[Black "Van der Sterren, Paul"]
[Result "1-0"]
[WhiteElo "2505"]
[BlackElo "2515"]

1.c4 e6 2.Nf3 d5 3.g3 dxc4 4.Qa4+ Nd7 5.Bg2 a6 6.Qxc4 b5 7.Qc2 Bb7 8.O-O c5
9.b3 Be7 10.Bb2 Bf6 11.d3 Bxb2 12.Qxb2 Ngf6 13.Nbd2 O-O 14.Rfc1 Qe7 15.Rc2 e5
16.Bh3 Rfe8 17.Rac1 h6 18.a3 a5 19.Nh4 g6 20.Ng2 Qd6 21.Ne3 h5 22.a4 bxa4
23.bxa4 Bc6 24.Qa3 Reb8 25.Nb3 Rb4 26.Nxc5 Nxc5 27.Rxc5 Bxa4 28.Qa1 Rd4 29.Rc8+ Rxc8
30.Rxc8+ Kg7 31.Nc4 Rxc4 32.Rxc4 Bb3 33.Rc8 a4 34.Bg2 a3 35.Rc6 Qe7 36.Rb6 Be6
37.Qxe5 Qa7 38.Rb7 Qa6 39.Qd4 a2 40.Ra7 Qb5 41.h3 g5 42.Kh2 h4 43.Be4 g4
44.hxg4 Bxg4 45.gxh4 Qh5 46.Kg3 Bxe2 47.f3 Qb5 48.Rxa2 Qb8+ 49.Kf2 Qh2+ 50.Ke1  1-0

[Event "Toronto2"]
[Site "Toronto"]
[Date "1990.??.??"]
[Round "?"]
[White "Husain, S Mazhar"]
[Black "Southam, Todd"]
[Result "0-1"]
[WhiteElo "2250"]
[BlackElo "2335"]

1.c4 e6 2.Nf3 d5 3.b3 Nf6 4.g3 a5 5.Bg2 a4 6.Nc3 axb3 7.Qxb3 Nc6 8.cxd5 exd5
9.O-O Be7 10.d3 O-O 11.e4 Na5 12.Qc2 d4 13.Nb5 c5 14.Bf4 Bd7 15.Rfb1 Ne8
16.Ne5 Be6 17.Bd2 Nc6 18.Nc4 Nb4 19.Qb3 Nc7 20.Nxc7 Qxc7 21.a4 Ra6 22.Bxb4 cxb4
23.Qb2 Bxc4 24.Rc1 Rc6 25.dxc4 Rd8 26.Qb3 d3 27.e5 d2 28.Rd1 Rxc4 29.Bxb7 Rc3
30.Qb2 Qxb7 31.Rxd2 Rxd2 32.Qxd2 Rc8 33.a5 Ra8 34.Qd3 Qa6 35.Qd5 Rb8 36.Qd7 Bf8
37.Qc7 Rc8 38.Qd7 Rb8 39.e6 Qxe6 40.Qa7 Qc8 41.a6 Bc5  0-1

[Event "Valencia op"]
[Site "Valencia"]
[Date "1990.??.??"]
[Round "?"]
[White "Makarichev, Sergey"]
[Black "Servat, Roberto"]
[Result "1/2-1/2"]
[WhiteElo "2510"]
[BlackElo "2455"]

1.c4 e6 2.Nf3 d5 3.b3 Nf6 4.Bb2 Be7 5.g3 O-O 6.Bg2 c5 7.e3 Nc6 8.O-O b6 9.Nc3 Bb7
10.cxd5 Nxd5 11.Nxd5 Qxd5 12.d4 Rad8 13.Ne5 Qd6 14.dxc5 Qxc5 15.Nd7 Qf5 16.e4 Qg5
17.h4 Qh6 18.Bc1 g5 19.hxg5 Qg7 20.Nf6+ Bxf6 21.gxf6 Qg6 22.Qe2 Nd4 23.Qd3 Qxf6
24.Ba3  1/2-1/2

[Event "Vrnjacka Banja"]
[Site "Vrnjacka Banja"]
[Date "1990.??.??"]
[Round "12"]
[White "Cvetkovic, Srdjan"]
[Black "Marjanovic, Slavoljub"]
[Result "1/2-1/2"]
[WhiteElo "2435"]
[BlackElo "2480"]

1.c4 e6 2.Nf3 d5 3.d4 c5 4.cxd5 exd5 5.Bg5 Be7 6.Bxe7 Qxe7 7.Nc3 Nf6 8.dxc5 Qxc5
9.e3 Nc6 10.Be2 O-O 11.O-O  1/2-1/2

[Event "Warsaw Legion op"]
[Site "Warsaw"]
[Date "1990.??.??"]
[Round "?"]
[White "Czerwonski, Aleksander"]
[Black "Drzemicki, Dariusz"]
[Result "1-0"]
[WhiteElo "2350"]
[BlackElo "2290"]

1.c4 e6 2.Nf3 d5 3.g3 Nf6 4.Bg2 Be7 5.O-O O-O 6.b3 Nbd7 7.Bb2 b6 8.d3 Bb7
9.e3 c5 10.Nbd2 Rc8 11.Qe2 Qc7 12.Rad1 dxc4 13.dxc4 Ng4 14.h3 Bf6 15.Ba3 Nge5
16.Nxe5 Bxe5 17.f4 Bf6 18.Ne4 Bxe4 19.Bxe4 Rfd8 20.Rd3 Nf8 21.Rfd1 Rxd3 22.Rxd3 Rd8
23.Kf2 Rxd3 24.Qxd3 g6 25.Bc1 Nd7 26.Bd2 Kf8 27.Bf3 Ke7 28.Ke2 h5 29.Qe4 Bg7
30.Qa8 Nf6 31.Bc6 Nd7 32.b4 Qb8 33.b5 Qxa8 34.Bxa8 Nf6 35.a4 Ne8 36.a5 Nd6
37.Kd3 Bb2 38.a6 f5 39.Bf3 e5 40.e4 Bd4 41.exf5 Nxf5 42.Ba5 bxa5 43.b6 a4
44.bxa7 a3 45.a8=Q a2 46.Qb7+ Kf6 47.Qb6+ Kg7 48.Qc7+ Kf6 49.Qa5 a1=Q 50.Qxa1 Bxa1
51.a7  1-0

[Event "Xanthi"]
[Site "Xanthi"]
[Date "1990.??.??"]
[Round "8"]
[White "Velikov, Petar"]
[Black "Skembris, Spyridon"]
[Result "1/2-1/2"]
[WhiteElo "2495"]
[BlackElo "2470"]

1.c4 e6 2.Nf3 d5 3.g3 Nf6 4.Bg2 c5 5.O-O Nc6 6.cxd5 exd5 7.d4 Be7 8.Nc3 O-O
9.Bg5 cxd4 10.Nxd4 h6 11.Be3 Re8 12.Rc1 Bf8 13.Nxc6 bxc6 14.Na4 Qa5 15.b3 Qa6
16.Bd4 Ba3 17.Rc3 Ne4 18.Rc2 Bf5 19.Bb2 Bxb2 20.Rxb2 Rad8 21.Qd4 c5 22.Nxc5 Nxc5
23.Qxc5 Rxe2  1/2-1/2

[Event "Andorra op"]
[Site "Andorra"]
[Date "1991.??.??"]
[Round "?"]
[White "Spraggett, Kevin"]
[Black "Zlatilov, Ivailo"]
[Result "1/2-1/2"]
[WhiteElo "2495"]
[BlackElo "2365"]

1.c4 e6 2.Nf3 d5 3.b3 Nf6 4.Bb2 Be7 5.e3 O-O 6.Nc3 Ne4 7.Qc2 Nxc3 8.Bxc3 Bf6
9.d4 b6 10.Bd3 h6 11.O-O Bb7 12.e4 dxe4 13.Bxe4 Qc8 14.Rad1 Nd7 15.Rd2 Rd8
16.Rfd1 Bxe4 17.Qxe4 c5 18.g3 cxd4 19.Bxd4 Qc7 20.Kg2 Nc5 21.Qe3 Bxd4 22.Nxd4 a6
23.Kg1 Rac8 24.b4 Nb7 25.Rc1 Rd7 26.c5 bxc5 27.bxc5 e5 28.Nb3 Rxd2 29.Qxd2 Nd8
30.Qe2 a5 31.Qe4 Nc6 32.Rd1 Nd4 33.Nxd4 exd4 34.Rxd4 Qxc5 35.Kg2 g6 36.Rd5 Qb4
37.Qe5 a4 38.Rd6 Qc4 39.a3  1/2-1/2

[Event "JUG-Cup qual"]
[Site "Arandjelovac"]
[Date "1991.??.??"]
[Round "5"]
[White "Arsovic, Zoran"]
[Black "Petronijevic, Zoran"]
[Result "1/2-1/2"]
[WhiteElo "2330"]
[BlackElo "2310"]

1.c4 e6 2.Nf3 d5 3.g3 Nf6 4.Bg2 Be7 5.O-O O-O 6.b3 b6 7.Bb2 Bb7 8.e3 dxc4
9.bxc4 c5 10.Nc3 Na6 11.Qe2 Nc7 12.Rfd1 Qe8 13.a4 a6 14.d3 Rb8 15.Rab1 Bc6
16.Ne5 Bxg2 17.Kxg2 Bd6 18.f4 b5 19.axb5 axb5 20.cxb5 Nxb5 21.Nc4 Be7 22.Qf3 Nxc3
23.Bxc3 Qa4 24.Qe2 Nd5 25.Be5 Rxb1 26.Rxb1 Bf6 27.Qb2 Bxe5 28.fxe5 Nb4 29.Qb3 Qd7
30.Nd6 f6 31.d4 fxe5 32.dxc5 Na6 33.Qb6 Qa4 34.Rb2 Qd1 35.Rf2 Rxf2+ 36.Kxf2 Qd2+  1/2-1/2

[Event "AUT-chT"]
[Site "?"]
[Date "1991.??.??"]
[Round "?"]
[White "Titz, Heimo"]
[Black "Foessmeier, Ulrich"]
[Result "1-0"]
[WhiteElo "2300"]
[BlackElo "2305"]

1.c4 e6 2.Nf3 d5 3.d4 Nf6 4.Nc3 Be7 5.Bg5 O-O 6.e3 Nbd7 7.Qc2 c6 8.Rd1 a6
9.a3 Re8 10.Be2 dxc4 11.Bxc4 b5 12.Bd3 Qb6 13.Ne4 h6 14.Bxf6 gxf6 15.b4 a5
16.Nc5 Qc7 17.O-O Nxc5 18.dxc5 e5 19.Bf5 axb4 20.axb4 Ra4 21.Rb1 Bf8 22.Nh4 Rd8
23.Bxc8 Qxc8 24.Nf5 Qe6 25.e4 Ra2 26.Qc3 Rdd2 27.Rbd1 Qc4 28.Qxc4 bxc4 29.Rc1 Rdb2
30.Rxc4 Ra4 31.Rfc1 Rbxb4 32.Rxb4 Rxb4 33.f3 Rb2 34.h4 h5 35.Kh2 Ra2 36.Kh3 Ra5
37.Nd6 Bh6 38.Rc3 Bd2 39.Rc2 Bb4 40.Ne8 Rxc5 41.Nxf6+ Kg7 42.Nxh5+ Kg6 43.Rxc5 Bxc5
44.Ng3 Bf8 45.Nf5 c5 46.Ne3 Bh6 47.Nc4 Kf6 48.Kg4 Bf4 49.g3 Bh6 50.Kh5 Bc1
51.g4 Bf4 52.g5+ Kg7 53.Kg4 f6 54.Kf5  1-0

[Event "AUT-chT"]
[Site "?"]
[Date "1991.??.??"]
[Round "?"]
[White "Robatsch, Karl"]
[Black "Herzog, Adolf"]
[Result "1/2-1/2"]
[WhiteElo "2400"]
[BlackElo "2350"]

1.Nf3 e6 2.c4 d5 3.d4 Nf6 4.Nc3 Bb4 5.cxd5 exd5 6.Bg5 Qd6 7.Bxf6 Qxf6 8.Qb3 c5
9.a3 Bxc3+ 10.Qxc3 b6 11.e3 O-O 12.dxc5 Qxc3+ 13.bxc3 bxc5 14.c4 Be6 15.Rc1 dxc4
16.Bxc4 Bxc4 17.Rxc4 Nd7 18.O-O Rfc8 19.Rfc1 Rc7 20.Nd2 Rb8 21.R4c3 Rb2 22.Nc4 Ra2
23.R3c2 Rxc2 24.Rxc2 Rb7 25.Rb2 Rxb2 26.Nxb2 Kf8  1/2-1/2

[Event "BUL-chT"]
[Site "Bankia"]
[Date "1991.??.??"]
[Round "4"]
[White "Popov, Petar"]
[Black "Tsvetkov, Ilia"]
[Result "0-1"]
[WhiteElo "2350"]
[BlackElo "2320"]

1.c4 e6 2.Nf3 d5 3.b3 Nf6 4.g3 Be7 5.Bb2 O-O 6.Bg2 c5 7.e3 Nc6 8.O-O d4 9.exd4 cxd4
10.Re1 Ne8 11.d3 f6 12.Ba3 e5 13.Bxe7 Qxe7 14.a3 a5 15.Nbd2 Nc7 16.Qc2 Re8
17.h3 Be6 18.Kh2 Na6 19.Ne4 f5 20.Ned2 Qf6 21.Rab1 Bf7 22.Ng1 Qd6 23.Ra1 h6
24.Ne2 g5 25.Nc1 Re7 26.Kg1 Rae8 27.g4 e4 28.gxf5 exd3 29.Nxd3 Rxe1+ 30.Rxe1 Rxe1+
31.Nxe1 Qxa3 32.Bd5 Qe7 33.Qe4 Nc5 34.Qxe7 Nxe7 35.Be4 Nxe4 36.Nxe4 Nxf5
37.Nc5 Nd6 38.Nf3 b5 39.cxb5 Nxb5 40.Kf1 Bd5 41.Ne5 Kg7 42.Ke2 h5 43.Nc4 Bxc4+
44.bxc4 Nc3+ 45.Kd3 Nd1 46.Ne4 a4 47.c5 Kf8 48.Kc4 g4 49.hxg4 hxg4 50.Kxd4 a3
51.Nc3 Nxf2 52.c6 Ke8 53.Kd5 Ke7 54.Kc4 Ne4 55.Nd5+ Ke6 56.Nf4+ Kf5 57.Kd5 Nf6+
58.Kc5  0-1

[Event "Belgrade op"]
[Site "Belgrade"]
[Date "1991.??.??"]
[Round "?"]
[White "Abramovic, Bosko"]
[Black "Kosanovic, Goran A"]
[Result "1-0"]
[WhiteElo "2520"]
[BlackElo "2380"]

1.c4 e6 2.Nf3 d5 3.b3 Nf6 4.g3 Be7 5.Bg2 O-O 6.O-O a5 7.Nc3 c6 8.d4 Nbd7
9.Qc2 Re8 10.Bb2 Bb4 11.Nd2 b5 12.e4 bxc4 13.bxc4 Ba6 14.e5 Ng4 15.a3 Bxc3
16.Bxc3 c5 17.Rfe1 Rc8 18.Qd1 cxd4 19.Bxd4 Nh6 20.cxd5 Nf5 21.Ne4 exd5 22.Nd6 Nxd6
23.exd6 Rxe1+ 24.Qxe1 Bc4 25.Bh3 Rb8 26.Qe3 Nf8 27.Re1 h6 28.d7  1-0

[Event "Belgrade op"]
[Site "Belgrade"]
[Date "1991.??.??"]
[Round "?"]
[White "Kurtenkov, Atanas"]
[Black "Karaklajic, Nikola"]
[Result "1/2-1/2"]
[WhiteElo "2365"]
[BlackElo "2375"]

1.c4 e6 2.Nf3 d5 3.d4 Nf6 4.Nc3 dxc4 5.e3 c5 6.Bxc4 a6 7.a4 Nc6 8.O-O Be7
9.Qd3 cxd4 10.exd4 Nb4  1/2-1/2

[Event "Berliner Sommer"]
[Site "Berlin"]
[Date "1991.??.??"]
[Round "?"]
[White "Sokolov, Andrei"]
[Black "Savchenko, Stanislav"]
[Result "0-1"]
[WhiteElo "2550"]
[BlackElo "2475"]

1.c4 e6 2.Nf3 d5 3.b3 Nf6 4.g3 Be7 5.Bg2 O-O 6.O-O c5 7.e3 Nc6 8.Bb2 d4 9.exd4 cxd4
10.a3 e5 11.Re1 e4 12.Ng5 Ne5 13.Nxe4 Nd3 14.Rf1 Nxb2 15.Qc2 Nxe4 16.Bxe4 Bh3
17.Re1 Re8 18.d3 Qa5 19.Re2 Bg5 20.Qxb2 f5 21.b4 Qa4 22.Bd5+ Kh8 23.Rxe8+ Qxe8
24.Nd2 Qe2 25.Bf3 Qxd2 26.Qxd2 Bxd2 27.Bxb7 Rb8 28.Bc6 Bg4 29.Ra2 Bg5 30.h4 Bh6
31.b5 g5 32.hxg5 Bxg5 33.a4 f4 34.Be4 f3 35.a5 Be7 36.b6 Bc5 37.Rb2 a6 38.Rb1 Kg7
39.Bc6 Kf6 40.Re1 Bf5 41.Rd1 Bb4 42.Bxf3 Bxa5 43.c5 Bb4 44.Rc1 Bc3 45.Rb1 Ke7
46.b7 Bxd3 47.Rb6 a5 48.g4 Bb4  0-1

[Event "Biel op"]
[Site "Biel"]
[Date "1991.??.??"]
[Round "2"]
[White "Contin, Daniel"]
[Black "Ziatdinov, Raset"]
[Result "0-1"]
[WhiteElo "2315"]
[BlackElo "2475"]

1.c4 e6 2.Nf3 d5 3.b3 Nf6 4.g3 Be7 5.Bg2 O-O 6.O-O c6 7.Bb2 a5 8.Na3 a4 9.d3 Nbd7
10.Nc2 Qb6 11.cxd5 exd5 12.b4 Re8 13.a3 Nf8 14.Rb1 Bg4 15.Ne5 Bh5 16.Bd4 Qd8
17.f4 N6d7 18.g4 Nxe5 19.gxh5 Ng4 20.e4 Nh6 21.Qf3 dxe4 22.dxe4 f5 23.Qc3 Ne6
24.Qc4 Bf8 25.Rbd1 Qe7 26.Be5 Qf7 27.Ne3 fxe4 28.Bxe4 Qxh5 29.Rd7 Kh8 30.Rxb7 Rac8
31.Kh1 c5 32.b5 Nd4 33.Rg1 Rxe5 34.fxe5 Qxe5 35.Qd5 Qf4 36.Rg3 Re8 37.Bd3 Rxe3
38.Rxe3 Qxe3 39.Qe4 Qc1+ 40.Kg2 Qg5+ 41.Kh1 g6 42.h4 Qg3 43.Be2 Bd6 44.Qg2 Qe1+
45.Bf1 Qxh4+ 46.Qh3 Qe4+ 47.Bg2 Qe1+ 48.Bf1 Ndf5  0-1

[Event "CSR-ch"]
[Site "Bratislava"]
[Date "1991.??.??"]
[Round "8"]
[White "Piza, Vlastimil"]
[Black "Zamecnik, Frantisek"]
[Result "0-1"]
[WhiteElo "2350"]
[BlackElo "2270"]

1.c4 e6 2.Nf3 d5 3.d4 Nf6 4.Nc3 Be7 5.Bg5 O-O 6.e3 h6 7.Bxf6 Bxf6 8.Bd3 c6
9.O-O Nd7 10.h3 dxc4 11.Bxc4 e5 12.Qd2 Nb6 13.Bb3 exd4 14.exd4 Bf5 15.Rfe1 Qd6
16.Ne5 Bg5 17.Qd1 Rad8 18.Qf3 Be6 19.Ne4 Qxd4 20.Nxg5 Bxb3 21.Qxb3 hxg5 22.Rad1 Qc5
23.Rxd8 Rxd8 24.Qxf7+ Kh7 25.Qg6+ Kg8 26.Qf7+ Kh7 27.Ng4 Nd5 28.Qf5+ Kg8
29.Qxg5 Rf8 30.Re6 Qc2 31.Rg6 Qxb2 32.Nh6+ Kh8 33.Nf5 Qb1+ 34.Kh2 Qxf5 35.Qh4+ Kg8
36.Rg3 Qxf2 37.Qg4 Qf6 38.Rf3 Qe5+ 39.Rg3 Ne3 40.Qe2 Nf1+  0-1

[Event "BUL-ch"]
[Site "?"]
[Date "1991.??.??"]
[Round "9"]
[White "Kurtenkov, Atanas"]
[Black "Dimitrov, Vladimir"]
[Result "1-0"]
[WhiteElo "2365"]
[BlackElo "2465"]

1.c4 e6 2.Nf3 d5 3.b3 d4 4.Bb2 c5 5.b4 Nc6 6.b5 Nce7 7.e3 g6 8.g3 Bg7 9.Bg2 Nh6
10.O-O O-O 11.Qc2 e5 12.exd4 cxd4 13.d3 f5 14.Nbd2 Nf7 15.a4 g5 16.Nb3 Bf6
17.Nfd2 Ng6 18.c5 Qc7 19.a5 Bd7 20.b6 Qc8 21.a6 Bc6 22.Bxc6 Qxc6 23.Na5  1-0

[Event "Cacak"]
[Site "Cacak"]
[Date "1991.??.??"]
[Round "2"]
[White "Popchev, Milko"]
[Black "Ziatdinov, Raset"]
[Result "1-0"]
[WhiteElo "2450"]
[BlackElo "2515"]

1.c4 e6 2.Nf3 d5 3.d4 Nf6 4.Nc3 Be7 5.e3 O-O 6.b3 b6 7.Bb2 Bb7 8.Bd3 Nbd7
9.O-O Ne4 10.Rc1 f5 11.Ne2 Bd6 12.Ne5 Qe7 13.f3 Bxe5 14.dxe5 Nec5 15.cxd5 exd5
16.Bb1 Nxe5 17.Qd4 Ned7 18.Nf4 c6 19.b4 Na4 20.Ba1 Rae8 21.Rfe1 b5 22.Ne6 Rf7
23.Bxf5 Nf8 24.Nxf8 Rxf5 25.Ne6 Rf7 26.Nf4 Nb6 27.Nd3 Nc4 28.e4 Qh4 29.exd5 Qxd4+
30.Bxd4 Rd8 31.Bxa7 Rxd5 32.Bc5 h6 33.Nf2 Kh7 34.a4 Nd2 35.a5 Nb3 36.Rc3 Nxc5
37.Rxc5 Rxc5 38.bxc5 Rd7 39.Rd1 Re7 40.Ne4 Bc8 41.Rd6 Rc7 42.Kf2 Bd7 43.Ke3 Ra7
44.Kd4 Kg8 45.Kc3 Kf7 46.Kb4 Ke7 47.Nf2 Ra6 48.Nd3 Be6 49.Ne5 Bd5 50.g4 Ke8
51.f4 Bg2 52.h4 Be4 53.Re6+  1-0

[Event "Cacak"]
[Site "Cacak"]
[Date "1991.??.??"]
[Round "11"]
[White "Pavlovic, Milos"]
[Black "Ziatdinov, Raset"]
[Result "1/2-1/2"]
[WhiteElo "2480"]
[BlackElo "2515"]

1.c4 e6 2.Nf3 d5 3.g3 Nf6 4.Bg2 Be7 5.O-O O-O 6.b3 a5 7.Nc3 b6 8.cxd5 exd5
9.Bb2 Re8 10.Rc1 Ba6 11.Re1 Ra7 12.d4 c5 13.e3 Bf8 14.Ne5 b5 15.a4 b4 16.Nb5 Bxb5
17.axb5 Rb7 18.dxc5 Rxb5 19.c6 Rc5 20.Rxc5 Bxc5 21.Nxf7 Kxf7 22.Bxf6 Kxf6
23.Bxd5 Re5 24.e4 Ke7 25.Qf3 Kd6 26.Rc1 Nxc6 27.Qd3 Ne7 28.Rxc5 Kxc5 29.Qc4+ Kd6
30.Qa6+ Kc5 31.Qc4+ Kd6 32.Qa6+ Kc5  1/2-1/2

[Event "Cadiz op"]
[Site "Cadiz"]
[Date "1991.??.??"]
[Round "?"]
[White "Urday, Henry"]
[Black "Sonntag, Hans Hubert"]
[Result "0-1"]
[WhiteElo "2480"]
[BlackElo "2375"]

1.c4 e6 2.Nf3 d5 3.b3 Nf6 4.g3 Be7 5.Bg2 c5 6.O-O Nc6 7.Bb2 d4 8.d3 O-O 9.e3 e5
10.exd4 exd4 11.Na3 Bf5 12.Nc2 a5 13.Qd2 h6 14.Rfb1 Rb8 15.Bc1 Bh7 16.Nfe1 Qd7
17.Bxc6 Qxc6 18.Qxa5 b5 19.Qd2 Rfd8 20.Na3 b4 21.Nac2 Nd7 22.Qd1 Bf5 23.a3 bxa3
24.Bxa3 Ne5 25.b4 Qg6 26.Rb3 Bg4 27.Qd2 Re8 28.Rab1 Nf3+ 29.Nxf3 Bxf3 30.Qf4 Qh5
31.Qc1 Bg5 32.Qf1 Be2 33.Qg2 Bf3 34.Qf1 Ba8 35.Qd1 Re2 36.Ne1 Rxe1+  0-1

[Event "Cadiz op"]
[Site "Cadiz"]
[Date "1991.??.??"]
[Round "?"]
[White "Franco Ocampo, Zenon"]
[Black "Piza Cortizo, Daniel"]
[Result "1-0"]
[WhiteElo "2495"]
[BlackElo "2325"]

1.c4 e6 2.Nf3 d5 3.e3 Nf6 4.d4 c5 5.cxd5 exd5 6.Bb5+ Nc6 7.O-O Bd6 8.dxc5 Bxc5
9.Qc2 Qd6 10.b3 O-O 11.Bxc6 bxc6 12.Bb2 Bb6 13.Nbd2 Re8 14.Rac1 Bd7 15.Rfd1 Qe7
16.Bd4 Ne4 17.Nxe4 dxe4 18.Ne5 Bxd4 19.Nxd7 Qxd7 20.Rxd4 Qf5 21.Rc4 h5 22.Rxc6 h4
23.h3 Rad8 24.b4 g5 25.Qe2 Rd5 26.R6c5 Red8 27.a4 Qe5 28.a5 Kg7 29.Qc2 R8d6
30.Rxd5 Rxd5 31.Rd1 Qd6 32.Qc3+ Kg8 33.Rxd5 Qxd5 34.Qd4 Qf5 35.Qxa7  1-0

[Event "Cappelle op"]
[Site "Cappelle la Grande"]
[Date "1991.??.??"]
[Round "4"]
[White "Hardicsay, Peter"]
[Black "Hoffman, Alejandro"]
[Result "1/2-1/2"]
[WhiteElo "2360"]
[BlackElo "2415"]

1.c4 e6 2.Nf3 d5 3.g3 dxc4 4.Qa4+ Nd7 5.Bg2 a6 6.Qxc4 c5 7.b3 b5 8.Qc2 Bb7
9.Bb2 Ngf6 10.O-O Be7 11.d3 O-O 12.Nbd2 Bc8 13.Rac1 Qc7  1/2-1/2